Детали машин. Вопросы с программированными ответами: учебное пособие для вузов

Detalles Bibliográficos
Autor principal: Попов В. Л. Всеволод Леонидович
Lenguaje:ruso
Publicado: Киев, Вища школа, 1982
Materias:
Formato: Libro
KOHA link:https://koha.lib.tpu.ru/cgi-bin/koha/opac-detail.pl?biblionumber=312642

MARC

LEADER 00000nam0a2200000 4500
001 312642
005 20231102002514.0
035 |a (RuTPU)RU\TPU\book\338011 
090 |a 312642 
100 |a 20151225d1982 m y0rusy50 ca 
101 0 |a rus 
102 |a UA 
105 |a a j 000zy 
200 1 |a Детали машин. Вопросы с программированными ответами  |e учебное пособие для вузов  |f В. Л. Попов 
210 |a Киев  |a Донецк  |c Вища школа  |d 1982 
215 |a 117 с.  |c ил. 
606 1 |a Детали машин  |2 stltpush  |3 (RuTPU)RU\TPU\subj\9144  |9 36422 
610 1 |a передачи 
610 1 |a валы 
610 1 |a оси 
610 1 |a муфты 
610 1 |a подшипники 
610 1 |a учебные пособия 
675 |a 621.81(075.8)  |v 4 
700 1 |a Попов  |b В. Л.  |g Всеволод Леонидович 
801 1 |a RU  |b 63413507  |c 20151225 
801 2 |a RU  |b 63413507  |c 20160712  |g RCR 
942 |c BK